[Event "7th Edmonton International"]
[Site "Edmonton CAN"]
[Date "2012.06.26"]
[Round "9"]
[White "Gardner, Robert"]
[Black "Wang, Richard"]
[Result "1-0"]
[WhiteElo "2202"]
[BlackElo "2307"]
[WhiteFideId "2601524"]
[BlackFideId "2608243"]
[EventDate "2012.06.26"]

1. d4 Nf6 2. c4 e6 3. Nc3 Bb4 4. e3 c5 5. Bd3 O-O 6. Ne2 b6 7. a3 Ba5 8. Rb1 Nc6
9. O-O Bxc3 10. Nxc3 cxd4 11. exd4 d5 12. Bg5 dxc4 13. Be4 Bb7 14. Qf3 Nxd4 15.
Qh3 Ne2+ 16. Kh1 Bxe4 17. Nxe4 Qd3 18. Nxf6+ gxf6 19. Be3 Kh8 20. Qf3 Rfd8 21.
Rfe1 f5 22. Qxe2 Qxe2 23. Rxe2 f6 24. f4 Kg7 25. Bd2 Kf7 26. Bc3 Rd6 27. Bb4 Rd4
28. g3 a5 29. Bc3 Rd6 30. Rd2 Rxd2 31. Bxd2 Rd8 32. Bc3 Rd5 33. Re1 Ke7 34. Kg2
Rd3 35. Kf2 h5 36. Ke2 h4 37. gxh4 Rh3 38. Rh1 Rxh4 39. Kf3 Rh3+ 40. Kg2 Rh6 41.
h4 Kd6 42. h5 e5 43. fxe5+ fxe5 44. Kg3 Rh8 45. Kh4 f4 46. Rd1+ 1-0

[Event "7th Edmonton International"]
[Site "Edmonton CAN"]
[Date "2012.06.30"]
[Round "5"]
[White "Gardner, Robert"]
[Black "Kovalyov, Anton"]
[Result "1-0"]
[BlackTitle "GM"]
[WhiteElo "2202"]
[BlackElo "2619"]
[WhiteFideId "2601524"]
[BlackFideId "114987"]
[EventDate "2012.06.26"]

1. d4 Nf6 2. c4 e6 3. Nc3 Bb4 4. e3 b6 5. Ne2 c5 6. a3 Ba5 7. Rb1 Na6 8. Bd2 O-O
9. d5 d6 10. Nf4 e5 11. Nh5 Bf5 12. Nxf6+ Qxf6 13. Rc1 Qg6 14. h4 h5 15. Be2
Qxg2 16. Bf3 Qg6 17. Bxh5 Qh7 18. Be2 Bd7 19. f3 f5 20. Kf2 Nc7 21. Qg1 b5 22.
b4 cxb4 23. Nxb5 Bxb5 24. cxb5 Bb6 25. Rc6 Rf6 26. Qc1 g6 27. Bxb4 f4 28. Kg2
Qd7 29. exf4 Re8 30. Qc2 Kh7 31. h5 Kg7 32. hxg6 Rxg6+ 33. Qxg6+ Kxg6 34. Rxd6+
Qxd6 35. Bxd6 Nxd5 36. Bd3+ Kg7 37. Bxe5+ Rxe5 38. fxe5 Nf4+ 39. Kg3 Nxd3 40. f4
Kf7 41. Rd1 Nf2 42. Rd7+ Ke8 43. Rb7 Ne4+ 44. Kg4 Nc3 45. f5 Nxb5 46. f6 Nd4 47.
e6 Nc6 48. Rh7 Bc5 49. Rc7 1-0